|
|
|
|
| LEADER |
03445nam a2200829 i 4500 |
| 001 |
nkc20233566024 |
| 003 |
CZ PrNK |
| 005 |
20240620235008.0 |
| 007 |
ta |
| 008 |
231108s2023 xr ah f 001 0 cze |
| 015 |
|
|
|a cnb003566024
|
| 020 |
|
|
|a 978-80-7050-787-2
|q (brožováno)
|
| 035 |
|
|
|a (OCoLC)1429251254
|
| 040 |
|
|
|a ABA001
|b cze
|e rda
|
| 041 |
0 |
|
|a cze
|b eng
|
| 043 |
|
|
|a e-xr---
|
| 045 |
|
|
|a v8v9
|
| 072 |
|
7 |
|a 27-78
|x Křesťanská sdružení, spolky a organizace. Řeholní řády
|2 Konspekt
|9 5
|
| 080 |
|
|
|a 2-523.6-788-1/-9
|2 MRF
|
| 080 |
|
|
|a 2-523.6-788-1/-9-028.83/.85
|2 MRF
|
| 080 |
|
|
|a 27-789-055.2
|2 MRF
|
| 080 |
|
|
|a 027.2
|2 MRF
|
| 080 |
|
|
|a 27-747:347.21
|2 MRF
|
| 080 |
|
|
|a 2-635-637-672
|2 MRF
|
| 080 |
|
|
|a 27-7-028.79
|2 MRF
|
| 080 |
|
|
|a 2-67
|2 MRF
|
| 080 |
|
|
|a 025
|2 MRF
|
| 080 |
|
|
|a 002+801.82
|2 MRF
|
| 080 |
|
|
|a (437.3)
|2 MRF
|
| 080 |
|
|
|a (048.8:082)
|2 MRF
|
| 245 |
0 |
0 |
|a Lux secretis inclusa claustralibus :
|b ženské kláštery zrušené v době josefínských reforem
|
| 246 |
3 |
0 |
|a Ženské kláštery zrušené v době josefínských reforem
|
| 250 |
|
|
|a 1. vydání
|
| 264 |
|
1 |
|a Praha :
|b Národní knihovna České republiky,
|c 2023
|
| 300 |
|
|
|a 140 stran :
|b ilustrace (převážně barevné), faksimile ;
|c 24 cm
|
| 336 |
|
|
|a text
|b txt
|2 rdacontent
|
| 337 |
|
|
|a bez média
|b n
|2 rdamedia
|
| 338 |
|
|
|a svazek
|b nc
|2 rdacarrier
|
| 490 |
1 |
|
|a Monographia Klementiniana ;
|v I.
|
| 504 |
|
|
|a Obsahuje bibliografii, bibliografické odkazy a rejstříky
|
| 546 |
|
|
|a Český text, anglické resumé
|
| 648 |
|
7 |
|a 1780-1790
|7 ch460637
|2 czenas
|
| 650 |
0 |
7 |
|a kláštery
|7 ph121648
|z Česko
|2 czenas
|
| 650 |
0 |
7 |
|a zrušené kláštery
|7 ph970850
|z Česko
|y 1780-1790
|2 czenas
|
| 650 |
0 |
7 |
|a ženské řeholní řády
|7 ph311264
|z Česko
|2 czenas
|
| 650 |
0 |
7 |
|a klášterní knihovny
|7 ph121646
|z Česko
|2 czenas
|
| 650 |
0 |
7 |
|a církevní majetek
|7 ph119296
|z Česko
|2 czenas
|
| 650 |
0 |
7 |
|a sekularizace
|7 ph125471
|z Česko
|y 1780-1790
|2 czenas
|
| 650 |
0 |
7 |
|a reforma církve
|7 ph281880
|z Česko
|y 1780-1790
|2 czenas
|
| 650 |
0 |
7 |
|a stát a církev
|7 ph116308
|z Česko
|y 1780-1790
|2 czenas
|
| 650 |
0 |
7 |
|a knihovní fondy
|7 ph121668
|z Česko
|y 1780-1790
|2 czenas
|
| 650 |
0 |
7 |
|a písemné prameny
|7 ph115977
|z Česko
|y 1780-1790
|2 czenas
|
| 650 |
0 |
9 |
|a monasteries
|z Czechia
|2 eczenas
|
| 650 |
0 |
9 |
|a dissolved monasteries
|z Czechia
|y 1780-1790
|2 eczenas
|
| 650 |
0 |
9 |
|a female monastic orders
|z Czechia
|2 eczenas
|
| 650 |
0 |
9 |
|a monastic libraries
|z Czechia
|2 eczenas
|
| 650 |
0 |
9 |
|a church property
|z Czechia
|2 eczenas
|
| 650 |
0 |
9 |
|a secularization
|z Czechia
|y 1780-1790
|2 eczenas
|
| 650 |
0 |
9 |
|a reform of the church
|z Czechia
|y 1780-1790
|2 eczenas
|
| 650 |
0 |
9 |
|a church and state
|z Czechia
|y 1780-1790
|2 eczenas
|
| 650 |
0 |
9 |
|a library collections
|z Czechia
|y 1780-1790
|2 eczenas
|
| 650 |
0 |
9 |
|a written sources
|z Czechia
|y 1780-1790
|2 eczenas
|
| 655 |
|
7 |
|a kolektivní monografie
|7 fd501537
|2 czenas
|
| 655 |
|
9 |
|a collective monographs
|2 eczenas
|
| 830 |
|
0 |
|a Monographia Klementiniana
|0 s
|
| 856 |
4 |
1 |
|u https://www.digitalniknihovna.cz/mzk/uuid/uuid:e502c760-06d5-11ef-b685-0050568d319f
|y Digitalizovaný dokument
|x NDK
|
| 910 |
2 |
|
|a BOA001
|b 2-1521.954
|
| 990 |
|
|
|a BK
|
| 995 |
|
|
|a 01
|
| 991 |
|
|
|b 202403
|c NOV
|
| 996 |
6 |
|
|b 2610964388
|c 2-1521.954
|l MZK
|r Sklad / do 1 hodiny
|n 0
|p p.v.
|w 001957192
|u 000010
|a 1
|e BOA001
|j MZK50
|s P
|
| 996 |
7 |
|
|b 2610966752
|c 2-1521.954
|l MZK
|r Sklad / do 1 hodiny
|n 4
|p kup
|w 001957192
|u 000020
|a 1
|e BOA001
|j MZK50
|s A
|